[Event "Kiev Shystariov Rapid"]
[Site "Kiev"]
[Date "2022.08.27"]
[Round "3"]
[White "Lymar, Vladislav"]
[Black "Kruglyakov, Pavlo"]
[Result "1/2-1/2"]
[WhiteElo "2066"]
[BlackElo "2346"]
[PlyCount "28"]
[EventDate "2022.08.27"]
[EventType "swiss (rapid)"]
[EventRounds "9"]
[EventCountry "UKR"]
[SourceTitle "CBM 209 Extra"]
[Source "ChessBase"]
[SourceDate "2022.09.30"]
[SourceVersion "1"]
[SourceVersionDate "2022.09.30"]
[SourceQuality "1"]

1. e4 c5 2. Nf3 d6 3. g3 Nc6 4. Bg2 g6 5. 0-0 Bg7 6. Nc3 e5 7. d3 Nge7 8. Nd2 0-0 9. Nc4 Nd4 10. Nd5 Nxd5 11. exd5 b5 12. Ne3 Nf5 13. c3 Nxe3 14. Bxe3 a5 1/2-1/2

[Event "Kiev Shystariov Blitz"]
[Site "Kiev"]
[Date "2022.08.26"]
[Round "1"]
[White "Bochok, Viktor"]
[Black "Kruglyakov, Pavlo"]
[Result "0-1"]
[WhiteElo "1541"]
[BlackElo "2346"]
[PlyCount "46"]
[EventDate "2022.08.26"]
[EventType "swiss (blitz)"]
[EventRounds "9"]
[EventCountry "UKR"]
[SourceTitle "CBM 209 Extra"]
[Source "ChessBase"]
[SourceDate "2022.09.30"]
[SourceVersion "1"]
[SourceVersionDate "2022.09.30"]
[SourceQuality "1"]

1. e4 c5 2. Nf3 d6 3. d4 cxd4 4. Nxd4 Nf6 5. Nc3 a6 6. f3 e6 7. Be3 b5 8. Qd2 Nbd7 9. g4 h6 10. h4 b4 11. Nce2 d5 12. Nc6 Qc7 13. Nxb4 a5 14. Nd3 dxe4 15. Nf2 Ne5 16. Nd4 Bb4 17. c3 Bc5 18. f4 Bxd4 19. fxe5 Bxe3 20. Qxe3 Qxe5 21. Be2 Bb7 22. 0-0-0 0-0 23. g5 Nd5 0-1

[Event "Kiev Shystariov Blitz"]
[Site "Kiev"]
[Date "2022.08.26"]
[Round "4"]
[White "Kruglyakov, Pavlo"]
[Black "Alexikov, Alexander"]
[Result "1-0"]
[WhiteElo "2346"]
[BlackElo "2223"]
[PlyCount "79"]
[EventDate "2022.08.26"]
[EventType "swiss (blitz)"]
[EventRounds "9"]
[EventCountry "UKR"]
[SourceTitle "CBM 209 Extra"]
[Source "ChessBase"]
[SourceDate "2022.09.30"]
[SourceVersion "1"]
[SourceVersionDate "2022.09.30"]
[SourceQuality "1"]

1. Nf3 Nf6 2. d4 g6 3. g3 Bg7 4. Bg2 d6 5. 0-0 0-0 6. Re1 c5 7. dxc5 dxc5 8. Qxd8 Rxd8 9. c3 Bf5 10. Be3 Nbd7 11. Na3 Nd5 12. Bd2 Be4 13. Rad1 e6 14. Bg5 f6 15. Bc1 a6 16. Nc4 Bf8 17. Nh4 Bxg2 18. Nxg2 b5 19. Na5 N7b6 20. e4 Ne7 21. Nf4 Kf7 22. Nb7 Rxd1 23. Rxd1 Nec8 24. Be3 e5 25. Nd8+ Ke8 26. Nfe6 Be7 27. Nc7+ Kf8 28. Nxa8 Nxa8 29. Ne6+ Kf7 30. Nxc5 a5 31. Rd7 Nab6 32. Rc7 Nd6 33. b3 Ke8 34. Ne6 Nd7 35. Ra7 a4 36. bxa4 bxa4 37. Ra8+ Kf7 38. Nd8+ Kg7 39. Nc6 Bf8 40. Ra7 1-0

[Event "Kiev Spring"]
[Site "Kiev"]
[Date "2021.04.10"]
[Round "9"]
[White "Kislinsky, Alexey"]
[Black "Kruglyakov, Pavlo"]
[Result "1/2-1/2"]
[WhiteElo "2461"]
[BlackElo "2363"]
[PlyCount "32"]
[EventDate "2021.04.02"]
[EventType "tourn"]
[EventRounds "9"]
[EventCountry "UKR"]
[EventCategory "2"]
[SourceTitle "CBM 202 Extra"]
[Source "ChessBase"]
[SourceDate "2021.07.31"]
[SourceVersion "1"]
[SourceVersionDate "2021.07.31"]
[SourceQuality "1"]

1. e4 c5 2. Nf3 d6 3. Bb5+ Bd7 4. Bxd7+ Qxd7 5. 0-0 Nf6 6. Re1 Nc6 7. c3 e6 8. d4 cxd4 9. cxd4 d5 10. e5 Ne4 11. Nbd2 Nxd2 12. Bxd2 Bb4 13. Bxb4 Nxb4 14. Qd2 Nc6 15. Rac1 0-0 16. Rc3 Rfc8 1/2-1/2

[Event "Kiev Spring"]
[Site "Kiev"]
[Date "2021.04.08"]
[Round "7"]
[White "Kruglyakov, Pavlo"]
[Black "Palchuk, Andrii"]
[Result "1-0"]
[WhiteElo "2363"]
[BlackElo "2177"]
[PlyCount "53"]
[EventDate "2021.04.02"]
[EventType "tourn"]
[EventRounds "9"]
[EventCountry "UKR"]
[EventCategory "2"]
[SourceTitle "CBM 202 Extra"]
[Source "ChessBase"]
[SourceDate "2021.07.31"]
[SourceVersion "1"]
[SourceVersionDate "2021.07.31"]
[SourceQuality "1"]

1. e4 c6 2. d4 d5 3. e5 c5 4. dxc5 e6 5. Nf3 Bxc5 6. Bd3 Ne7 7. 0-0 Nbc6 8. Nbd2 Ng6 9. Nb3 Bb6 10. Re1 0-0 11. c3 f6 12. exf6 Qxf6 13. Bg5 Qf7 14. Be3 Bxe3 15. Rxe3 Qf6 16. Bxg6 hxg6 17. Qe2 b6 18. Re1 Bd7 19. Nbd4 Nxd4 20. Nxd4 Rae8 21. Re5 Re7 22. g3 Rfe8 23. f4 Qf7 24. Qg4 Qf6 25. Nf3 Qf7 26. Ng5 Qf6 27. Qh3 1-0

[Event "Kiev Spring"]
[Site "Kiev"]
[Date "2021.04.04"]
[Round "3"]
[White "Kruglyakov, Pavlo"]
[Black "Burdalev, Kirill"]
[Result "1/2-1/2"]
[WhiteElo "2363"]
[BlackElo "2359"]
[PlyCount "66"]
[EventDate "2021.04.02"]
[EventType "tourn"]
[EventRounds "9"]
[EventCountry "UKR"]
[EventCategory "2"]
[SourceTitle "CBM 202 Extra"]
[Source "ChessBase"]
[SourceDate "2021.07.31"]
[SourceVersion "1"]
[SourceVersionDate "2021.07.31"]
[SourceQuality "1"]

1. e4 e5 2. Nf3 Nc6 3. Bc4 Bc5 4. c3 Nf6 5. d3 0-0 6. Bg5 Be7 7. 0-0 h6 8. Bh4 d6 9. Re1 Nh7 10. Bxe7 Qxe7 11. Nbd2 Ng5 12. Nxg5 Qxg5 13. Re3 Bg4 14. Nf3 Qf6 15. h3 Be6 16. Bb5 Ne7 17. d4 Ng6 18. Bf1 h5 19. g3 h4 20. Bg2 c5 21. Qd2 Rad8 22. dxc5 dxc5 23. Qc2 c4 24. Rd1 Rxd1+ 25. Qxd1 Rd8 26. Qf1 Rd6 27. Qe2 Qd8 28. Kh2 b5 29. a3 a6 30. Qc2 Qf6 31. Qe2 Qd8 32. Qc2 Rd1 33. Re2 Rd3 1/2-1/2

[Event "Speed Chess Super Swiss"]
[Site "Chess.com INT"]
[Date "2020.10.03"]
[Round "11"]
[White "Martinez Reyes, Pedro Ramon"]
[Black "Kruglyakov, Pavlo"]
[Result "1-0"]
[WhiteElo "2422"]
[BlackElo "2363"]
[PlyCount "111"]
[EventDate "2020.10.03"]
[EventType "swiss (blitz)"]
[EventRounds "15"]
[EventCountry "USA"]
[SourceTitle "CBM 198 Extra"]
[Source "ChessBase"]
[SourceDate "2020.11.30"]
[SourceVersion "1"]
[SourceVersionDate "2020.11.30"]
[SourceQuality "1"]

1. d4 Nf6 2. Bg5 Ne4 3. Bf4 d5 4. e3 c5 5. c3 Nc6 6. Bd3 Bf5 7. Nf3 e6 8. 0-0 Bd6 9. Bxd6 Qxd6 10. Nh4 Qe7 11. Nxf5 exf5 12. dxc5 Qxc5 13. Nd2 0-0 14. Nb3 Qb6 15. a4 Rad8 16. Bb5 a6 17. Bxc6 bxc6 18. a5 Qb7 19. Nd4 Qxb2 20. Nxc6 Nxc3 21. Qf3 Rd6 22. Ne7+ Kh8 23. Nxf5 Rf6 24. Qg4 Rg6 25. Qh3 Ne2+ 26. Kh1 Qe5 27. Rad1 Rf6 28. Ng3 Nc3 29. Rd3 Rh6 30. Qg4 Ne4 31. Kg1 f5 32. Qf3 f4 33. exf4 Rxf4 34. Qe3 Rfh4 35. h3 Re6 36. Nxe4 Rxe4 37. Qd2 h6 38. Rxd5 Qf6 39. Rd8+ Kh7 40. Qd3 Qg6 41. Rd5 R4e5 42. Qxg6+ Kxg6 43. Rxe5 Rxe5 44. Ra1 Re2 45. g3 Kf5 46. Kg2 Ke4 47. Ra4+ Kd5 48. Rg4 g5 49. Rb4 Ra2 50. Rb6 Rxa5 51. Rxh6 Kd4 52. Rg6 Kc4 53. g4 Kb4 54. Kg3 Ka4 55. f3 Kb4 56. h4 1-0

[Event "Speed Chess Super Swiss"]
[Site "Chess.com INT"]
[Date "2020.10.03"]
[Round "2"]
[White "Van Foreest, Jorden"]
[Black "Kruglyakov, Pavlo"]
[Result "1-0"]
[WhiteElo "2673"]
[BlackElo "2363"]
[PlyCount "61"]
[EventDate "2020.10.03"]
[EventType "swiss (blitz)"]
[EventRounds "15"]
[EventCountry "USA"]
[SourceTitle "CBM 198 Extra"]
[Source "ChessBase"]
[SourceDate "2020.11.30"]
[SourceVersion "1"]
[SourceVersionDate "2020.11.30"]
[SourceQuality "1"]

1. d4 Nf6 2. c4 g6 3. Nc3 d5 4. cxd5 Nxd5 5. e4 Nxc3 6. bxc3 Bg7 7. Nf3 c5 8. h3 Nc6 9. Be3 cxd4 10. cxd4 f5 11. e5 Be6 12. Be2 0-0 13. 0-0 Rc8 14. Ng5 Bd5 15. Bf3 f4 16. Bc1 h6 17. Bxd5+ Qxd5 18. Nf3 g5 19. Bb2 e6 20. Qa4 Rfd8 21. Rac1 Qa5 22. Qb3 Kh8 23. Qxe6 Qb4 24. Ba1 Qb5 25. Rfd1 Qd5 26. Qg6 Re8 27. h4 Re6 28. Qh5 g4 29. Qxg4 Rce8 30. Qxf4 Rf8 31. Qg4 1-0

[Event "Kiev Shystarev Memorial 1st"]
[Site "Kiev"]
[Date "2020.08.27"]
[Round "3"]
[White "Laptii, Nazar"]
[Black "Kruglyakov, Pavlo"]
[Result "0-1"]
[WhiteElo "2180"]
[BlackElo "2357"]
[PlyCount "100"]
[EventDate "2020.08.25"]
[EventType "swiss"]
[EventRounds "9"]
[EventCountry "UKR"]
[SourceTitle "EXT 2022"]
[Source "ChessBase"]
[SourceDate "2021.10.06"]
[SourceVersion "1"]
[SourceVersionDate "2021.10.06"]
[SourceQuality "1"]

1. e4 c5 2. Nf3 d6 3. d3 Nc6 4. g3 g6 5. Bg2 Bg7 6. 0-0 e5 7. c3 Nge7 8. a3 0-0 9. b4 a6 10. Nbd2 h6 11. Bb2 Be6 12. Qe2 Rb8 13. Nc4 b5 14. Ne3 f5 15. Nd2 f4 16. Nd5 g5 17. h3 Qd7 18. Kh2 a5 19. bxa5 Nxa5 20. Rh1 Ng6 21. Bf3 Qf7 22. Kg2 Kh8 23. Bh5 Kh7 24. Bf3 Qb7 25. Rab1 Qf7 26. Ba1 Qa7 27. Rbf1 c4 28. dxc4 Nxc4 29. Nxc4 bxc4 30. Qxc4 Qxa3 31. Qe2 Qb3 32. Rb1 Qxb1 33. Rxb1 Rxb1 34. Bb2 fxg3 35. fxg3 Bxd5 36. exd5 Rb8 37. Ba3 Ra1 38. Be4 Rxa3 39. Qc2 Kh8 40. Bxg6 e4 41. Qxe4 Rxc3 42. Qe2 Be5 43. Bd3 Rbb3 44. Qh5 Rb2+ 45. Be2 Bg7 46. Kf1 Rc1+ 47. Kf2 Rcc2 48. Qg4 Rxe2+ 49. Kf1 Rf2+ 50. Kg1 Rf7 0-1

[Event "Titled Tuesday intern op 21st April"]
[Site "Chess.com INT"]
[Date "2020.04.21"]
[Round "6"]
[White "Gschnitzer, Adrian"]
[Black "Kruglyakov, Pavlo"]
[Result "0-1"]
[WhiteElo "2404"]
[BlackElo "2357"]
[PlyCount "72"]
[EventDate "2020.04.21"]
[EventType "swiss (blitz)"]
[EventRounds "10"]
[EventCountry "USA"]
[SourceTitle "EXT 2021"]
[Source "ChessBase"]
[SourceDate "2020.10.23"]
[SourceVersion "1"]
[SourceVersionDate "2020.10.23"]
[SourceQuality "1"]

1. e4 c5 2. Nf3 d6 3. d4 cxd4 4. Nxd4 Nf6 5. Nc3 a6 6. Bg5 e6 7. f4 h6 8. Bh4 Qb6 9. Bxf6 gxf6 10. Qd2 Qxb2 11. Rb1 Qa3 12. Be2 Qa5 13. 0-0 Nd7 14. Kh1 h5 15. f5 Qe5 16. Nf3 Qa5 17. Nd4 Qe5 18. Nf3 Qc5 19. Nd4 Bh6 20. Qd3 Ne5 21. Qh3 Qxd4 22. Bxh5 exf5 23. Nd5 Bg5 24. Nc7+ Kf8 25. Nxa8 Ng4 26. Nb6 Be6 27. exf5 Bxa2 28. Rbd1 Qxd1 29. Rxd1 Nf2+ 30. Kg1 Nxh3+ 31. gxh3 Be3+ 32. Kg2 Bxb6 33. Rxd6 Bc5 34. Rd8+ Kg7 35. Rxh8 Kxh8 36. Bf3 b6 0-1

[Event "Titled Tuesday intern op 21st April"]
[Site "Chess.com INT"]
[Date "2020.04.21"]
[Round "9"]
[White "Kruglyakov, Pavlo"]
[Black "Puranik, Abhimanyu Sameer"]
[Result "1-0"]
[WhiteElo "2357"]
[BlackElo "2584"]
[PlyCount "121"]
[EventDate "2020.04.21"]
[EventType "swiss (blitz)"]
[EventRounds "10"]
[EventCountry "USA"]
[SourceTitle "EXT 2021"]
[Source "ChessBase"]
[SourceDate "2020.10.23"]
[SourceVersion "1"]
[SourceVersionDate "2020.10.23"]
[SourceQuality "1"]

1. Nf3 Nf6 2. g3 g6 3. Bg2 Bg7 4. 0-0 0-0 5. d4 d5 6. c4 c6 7. Qb3 a5 8. cxd5 Nxd5 9. e4 a4 10. Qd1 Nc7 11. Nc3 Bg4 12. Be3 a3 13. b3 Bxf3 14. Bxf3 e5 15. dxe5 Nd7 16. Bg2 Nxe5 17. Qc2 Qd3 18. Rac1 Qxc2 19. Rxc2 Rfd8 20. Bb6 Rd7 21. Bh3 Ne6 22. Kg2 Nd3 23. Na4 Nb4 24. Re2 Bd4 25. Rd1 c5 26. Bxe6 fxe6 27. Bxc5 Nc6 28. Nb6 Bxc5 29. Nxd7 Be7 30. Nb6 Ra6 31. Nc4 b5 32. Nd6 b4 33. Rc2 Ne5 34. Rc8+ Kg7 35. Rc7 Kf6 36. Ne8+ Kf7 37. Nd6+ Kf6 38. Nc4 Nxc4 39. Rxc4 e5 40. Rd5 Ra7 41. Rc6+ Kf7 42. h3 Rb7 43. Kf3 Bf6 44. Rdd6 Be7 45. Rd5 Bf6 46. Ke2 h5 47. Rdc5 Be7 48. Rc7 Rb6 49. Rd5 Kf6 50. Rdd7 Bd6 51. Rc4 Ke6 52. Rd8 Ke7 53. Rg8 Kf7 54. Rgc8 Ke7 55. R4c6 Rb7 56. Rg8 Kf7 57. Rh8 Bf8 58. Rh7+ Bg7 59. Rc5 Re7 60. Rb5 Rc7 61. Ke3 1-0

[Event "Titled Tuesday intern op 21st April"]
[Site "Chess.com INT"]
[Date "2020.04.21"]
[Round "7"]
[White "Kruglyakov, Pavlo"]
[Black "Savchenko, Boris"]
[Result "0-1"]
[WhiteElo "2357"]
[BlackElo "2564"]
[PlyCount "72"]
[EventDate "2020.04.21"]
[EventType "swiss (blitz)"]
[EventRounds "10"]
[EventCountry "USA"]
[SourceTitle "EXT 2021"]
[Source "ChessBase"]
[SourceDate "2020.10.23"]
[SourceVersion "1"]
[SourceVersionDate "2020.10.23"]
[SourceQuality "1"]

1. Nf3 Nf6 2. g3 g6 3. Bg2 Bg7 4. 0-0 0-0 5. d4 d5 6. c4 c6 7. Qb3 a5 8. cxd5 a4 9. Qa3 Nxd5 10. e4 Nb6 11. Qe3 Na6 12. Nc3 Nb4 13. Qe2 Bg4 14. a3 Na6 15. Rd1 Bxf3 16. Bxf3 Bxd4 17. e5 Nc7 18. Bh6 Re8 19. Ne4 Ne6 20. Ng5 Nxg5 21. Bxg5 Ra5 22. Qe4 c5 23. Qxb7 Nc4 24. Bc6 Qb8 25. Qxb8 Rxb8 26. Bxe7 Rxb2 27. Rxd4 cxd4 28. f4 d3 29. Bb4 Ra7 30. Rd1 d2 31. Kf2 Rxb4 32. axb4 a3 33. Ke2 Nb2 34. Ra1 d1Q+ 35. Rxd1 Nxd1 36. Kxd1 a2 0-1

[Event "Titled Tuesday intern op 14th April"]
[Site "Chess.com INT"]
[Date "2020.04.14"]
[Round "1"]
[White "Burdalev, Kirill"]
[Black "Kruglyakov, Pavlo"]
[Result "0-1"]
[WhiteElo "2394"]
[BlackElo "2357"]
[PlyCount "48"]
[EventDate "2020.04.14"]
[EventType "swiss (blitz)"]
[EventRounds "10"]
[EventCountry "USA"]
[SourceTitle "EXT 2021"]
[Source "ChessBase"]
[SourceDate "2020.10.23"]
[SourceVersion "1"]
[SourceVersionDate "2020.10.23"]
[SourceQuality "1"]

1. d4 Nf6 2. Nf3 g6 3. g4 Nxg4 4. c4 Nf6 5. Nc3 d5 6. cxd5 Nxd5 7. h4 h6 8. e4 Nxc3 9. bxc3 Bg7 10. Bc4 c5 11. Ne5 Bxe5 12. dxe5 Qxd1+ 13. Kxd1 Bg4+ 14. Kd2 Bf3 15. Re1 Nc6 16. Bb5 0-0-0+ 17. Ke3 Nxe5 18. Kf4 f6 19. Be3 g5+ 20. hxg5 hxg5+ 21. Kg3 g4 22. Bxc5 Rh3+ 23. Kf4 e6 24. Bf1 Bg2 0-1

[Event "Titled Tuesday intern op 14th April"]
[Site "Chess.com INT"]
[Date "2020.04.14"]
[Round "6"]
[White "Stankovic, Milos"]
[Black "Kruglyakov, Pavlo"]
[Result "1-0"]
[WhiteElo "2454"]
[BlackElo "2357"]
[PlyCount "99"]
[EventDate "2020.04.14"]
[EventType "swiss (blitz)"]
[EventRounds "10"]
[EventCountry "USA"]
[SourceTitle "EXT 2021"]
[Source "ChessBase"]
[SourceDate "2020.10.23"]
[SourceVersion "1"]
[SourceVersionDate "2020.10.23"]
[SourceQuality "1"]

1. d4 Nf6 2. c4 g6 3. g3 Bg7 4. Bg2 d5 5. cxd5 Nxd5 6. Nf3 0-0 7. 0-0 Nb6 8. Nc3 Nc6 9. e3 Re8 10. h3 Rb8 11. b3 e5 12. dxe5 Qxd1 13. Nxd1 Nxe5 14. Nxe5 Bxe5 15. Bb2 Bxb2 16. Nxb2 Bf5 17. Rac1 c6 18. Rfd1 Rbd8 19. g4 Be6 20. Nd3 Bd5 21. Nc5 Bxg2 22. Kxg2 Rxd1 23. Rxd1 Re7 24. Rd8+ Kg7 25. Rb8 Nd5 26. Rxb7 Rxb7 27. Nxb7 Nb4 28. a3 Nc2 29. a4 Kf6 30. Na5 Nb4 31. f4 Ke6 32. e4 Kd6 33. Kf3 Nc2 34. Ke2 Kc5 35. Kd3 Ne1+ 36. Kc3 Ng2 37. b4+ Kd6 38. Nc4+ Kc7 39. f5 Nf4 40. h4 Ng2 41. Ne5 Nxh4 42. Nxf7 gxf5 43. gxf5 h5 44. Kd4 Kd7 45. Ke5 Nf3+ 46. Kf4 Nd4 47. e5 Ke7 48. Ng5 Nc2 49. f6+ Ke8 50. e6 1-0

[Event "Titled Tuesday intern op 14th April"]
[Site "Chess.com INT"]
[Date "2020.04.14"]
[Round "4"]
[White "Vidit, Santosh Gujrathi"]
[Black "Kruglyakov, Pavlo"]
[Result "1/2-1/2"]
[WhiteElo "2726"]
[BlackElo "2357"]
[PlyCount "84"]
[EventDate "2020.04.14"]
[EventType "swiss (blitz)"]
[EventRounds "10"]
[EventCountry "USA"]
[SourceTitle "EXT 2021"]
[Source "ChessBase"]
[SourceDate "2020.10.23"]
[SourceVersion "1"]
[SourceVersionDate "2020.10.23"]
[SourceQuality "1"]

1. d4 Nf6 2. c4 g6 3. Nc3 d5 4. cxd5 Nxd5 5. e4 Nxc3 6. bxc3 Bg7 7. Be3 c5 8. Nf3 Qa5 9. Qd2 Nc6 10. Rb1 a6 11. Rc1 cxd4 12. cxd4 Qxd2+ 13. Kxd2 f5 14. e5 e6 15. Bc4 0-0 16. Ke2 Bd7 17. d5 Nxe5 18. Nxe5 Bxe5 19. dxe6 Bb5 20. Bxb5 axb5 21. Rc5 Bf6 22. Rxb5 Rfe8 23. Rxb7 Rxa2+ 24. Kf3 Rxe6 25. Rd1 Re7 26. Rxe7 Bxe7 27. Rd7 Bf6 28. g3 Ra3 29. h4 h5 30. Kg2 Ra6 31. Rb7 Rc6 32. Kf3 Re6 33. Rd7 Rc6 34. Bd4 Bxd4 35. Rxd4 Kf7 36. Kf4 Kf6 37. f3 Rb6 38. Rc4 Rd6 39. Rb4 Ra6 40. Rd4 Rb6 41. Rc4 Ra6 42. Rd4 Rb6 1/2-1/2

[Event "Titled Tuesday intern op1 3rd March  "]
[Site "Chess.com INT"]
[Date "2020.03.03"]
[Round "6"]
[White "Kruglyakov, Pavlo"]
[Black "Vovk, Orest"]
[Result "1-0"]
[WhiteElo "2357"]
[BlackElo "2315"]
[PlyCount "59"]
[EventDate "2020.03.03"]
[EventType "swiss (blitz)"]
[EventRounds "10"]
[EventCountry "USA"]
[SourceTitle "EXT 2021"]
[Source "ChessBase"]
[SourceDate "2020.10.23"]
[SourceVersion "1"]
[SourceVersionDate "2020.10.23"]
[SourceQuality "1"]

1. Nf3 Nf6 2. g3 g6 3. Bg2 Bg7 4. 0-0 0-0 5. d4 d5 6. c4 c6 7. Qb3 Qb6 8. Nc3 Na6 9. cxd5 cxd5 10. Nxd5 Nxd5 11. Qxd5 Nb4 12. Qc5 Bf5 13. Bd2 Nc2 14. Rac1 Nxd4 15. Nxd4 Qxc5 16. Rxc5 Bxd4 17. Rc7 Bxb2 18. Rxe7 Rad8 19. Bg5 Rde8 20. Rxb7 Rxe2 21. Bf3 Rc2 22. Bd1 Be4 23. Rb4 Rc5 24. Be7 Bd3 25. Bxc5 Rc8 26. Rxb2 Bxf1 27. Kxf1 Rxc5 28. Bb3 Rc1+ 29. Ke2 Kg7 30. Rc2 1-0

[Event "Prague op"]
[Site "Prague"]
[Date "2020.02.16"]
[Round "3"]
[White "Kruglyakov, Pavlo"]
[Black "Krzyzanowski, Marcin"]
[Result "0-1"]
[WhiteElo "2373"]
[BlackElo "2519"]
[PlyCount "90"]
[EventDate "2020.02.14"]
[EventType "swiss"]
[EventRounds "9"]
[EventCountry "CZE"]
[SourceTitle "CBM 195 Extra"]
[Source "ChessBase"]
[SourceDate "2020.05.31"]
[SourceVersion "1"]
[SourceVersionDate "2020.05.31"]
[SourceQuality "1"]

1. Nf3 d6 2. d4 Nf6 3. g3 g6 4. Bg2 Bg7 5. 0-0 0-0 6. Re1 Na6 7. e4 c5 8. c3 Rb8 9. Nbd2 b5 10. e5 Ne8 11. Ne4 c4 12. b4 Nac7 13. a4 Bb7 14. axb5 Nxb5 15. Bd2 Nec7 16. h4 Bc8 17. h5 Bg4 18. h6 Bh8 19. exd6 exd6 20. Qc2 Re8 21. Nh4 d5 22. Nc5 Ne6 23. Nxe6 Bxe6 24. Ra5 Bf6 25. Nf3 Rb6 26. Ne5 Bc8 27. Qd1 a6 28. Ng4 Rxe1+ 29. Bxe1 Bg5 30. Ne3 Bxe3 31. fxe3 Qg5 32. Qd2 Bb7 33. Qe2 Qxh6 34. e4 dxe4 35. Bd2 Qf8 36. Qxc4 Qe8 37. d5 e3 38. Be1 Rd6 39. Qc5 Qe5 40. Ra2 e2 41. c4 Nd4 42. Qc7 Qe3+ 43. Kh2 Rf6 44. Qxb7 Qh6+ 45. Kg1 Rf1+ 0-1

[Event "Prague op"]
[Site "Prague"]
[Date "2020.02.14"]
[Round "1"]
[White "Kruglyakov, Pavlo"]
[Black "Meers, Hubert"]
[Result "1-0"]
[WhiteElo "2373"]
[BlackElo "2022"]
[PlyCount "41"]
[EventDate "2020.02.14"]
[EventType "swiss"]
[EventRounds "9"]
[EventCountry "CZE"]
[SourceTitle "CBM 195 Extra"]
[Source "ChessBase"]
[SourceDate "2020.05.31"]
[SourceVersion "1"]
[SourceVersionDate "2020.05.31"]
[SourceQuality "1"]

1. e4 c6 2. Nc3 d5 3. Nf3 dxe4 4. Nxe4 Nf6 5. Qe2 Nxe4 6. Qxe4 Nd7 7. Bc4 Nf6 8. Ne5 e6 9. Qe2 Be7 10. 0-0 0-0 11. Rd1 Qc7 12. d4 b6 13. Rd3 Bb7 14. Rg3 Kh8 15. Bf4 Bd6 16. Rh3 c5 17. Bd3 cxd4 18. Bg5 Bxe5 19. Bxf6 Bxf6 20. Rxh7+ Kg8 21. Rh8+ 1-0

[Event "Krakow op-A 30th"]
[Site "Krakow"]
[Date "2020.01.03"]
[Round "8"]
[White "Brodowski, Piotr"]
[Black "Kruglyakov, Pavlo"]
[Result "1/2-1/2"]
[WhiteElo "2445"]
[BlackElo "2357"]
[PlyCount "133"]
[EventDate "2019.12.27"]
[EventType "swiss"]
[EventRounds "9"]
[EventCountry "POL"]
[SourceTitle "CBM 194 Extra"]
[Source "ChessBase"]
[SourceDate "2020.03.31"]
[SourceVersion "1"]
[SourceVersionDate "2020.03.31"]
[SourceQuality "1"]

1. c4 c5 2. Nc3 Nc6 3. g3 g6 4. Bg2 Bg7 5. Nf3 e5 6. 0-0 Nge7 7. d3 d6 8. Bg5 h6 9. Bxe7 Nxe7 10. Ne1 a6 11. Nc2 Rb8 12. a4 0-0 13. Ne3 f5 14. Ned5 Nc6 15. e3 Kh7 16. Qd2 Be6 17. Rab1 a5 18. f4 exf4 19. Nxf4 Bf7 20. Bd5 Qd7 21. Bxf7 Rxf7 22. Ncd5 Re8 23. Rf2 Qd8 24. Rbf1 Ne5 25. h3 h5 26. Ng2 Bh6 27. Qd1 Ref8 28. b3 Qd7 29. d4 cxd4 30. exd4 Nc6 31. Ndf4 d5 32. Nxd5 Bg7 33. Kh1 Qd6 34. Rf4 Bh6 35. R4f3 Bg7 36. Rd3 Re8 37. g4 hxg4 38. hxg4 Re4 39. gxf5 Bxd4 40. f6 Kg8 41. Rh3 Qd7 42. Ngf4 Rh7 43. Qf3 Rxh3+ 44. Nxh3 Rh4 45. f7+ Kf8 46. Ndf4 Ne5 47. Qg3 Rg4 48. Ng5 Qc6+ 49. Kh2 Rxg5 50. Qxg5 Nf3+ 51. Rxf3 Qxf3 52. Qd8+ Kxf7 53. Qxd4 Qxb3 54. Nd5 Qf3 55. Qf4+ Qxf4+ 56. Nxf4 Kf6 57. Nd3 Kf5 58. Nc5 b6 59. Nb3 Ke4 60. Kg3 Kd3 61. Nxa5 Kd4 62. Nc6+ Kxc4 63. Kf4 Kb3 64. a5 bxa5 65. Nxa5+ Ka4 66. Kg5 Kxa5 67. Kxg6 1/2-1/2

[Event "Krakow op-A 30th"]
[Site "Krakow"]
[Date "2019.12.29"]
[Round "3"]
[White "Kruglyakov, Pavlo"]
[Black "Zherebtsova, Alexandra"]
[Result "1-0"]
[WhiteElo "2357"]
[BlackElo "2209"]
[PlyCount "85"]
[EventDate "2019.12.27"]
[EventType "swiss"]
[EventRounds "9"]
[EventCountry "POL"]
[SourceTitle "CBM 194 Extra"]
[Source "ChessBase"]
[SourceDate "2020.03.31"]
[SourceVersion "1"]
[SourceVersionDate "2020.03.31"]
[SourceQuality "1"]

1. e4 e5 2. Nf3 Nc6 3. d4 exd4 4. Nxd4 Nf6 5. Nxc6 bxc6 6. e5 Qe7 7. Qe2 Nd5 8. h4 d6 9. c4 Nb6 10. exd6 cxd6 11. Be3 Be6 12. Qc2 Rc8 13. Nd2 d5 14. 0-0-0 Qb4 15. a3 Qa5 16. Bd4 c5 17. Bc3 Qa4 18. cxd5 Qxc2+ 19. Kxc2 Nxd5 20. Bb5+ Ke7 21. Be5 f6 22. Bg3 Kf7 23. Rhe1 Nc7 24. Ba4 Be7 25. Ne4 f5 26. Nd6+ Bxd6 27. Rxd6 f4 28. Bxf4 Bf5+ 29. Kc1 Ne6 30. Rd7+ Kg6 31. Rd6 Kf7 32. Rd7+ Kg6 33. Be5 Kh5 34. Bxg7 Rhg8 35. Bd1+ Kg6 36. Bc3 Nd4 37. Rxa7 Rge8 38. Rxe8 Rxe8 39. Bxd4 cxd4 40. Kd2 Rb8 41. b4 Rc8 42. Ra6+ Kf7 43. Rd6 1-0

[Event "Krakow op-A 30th"]
[Site "Krakow"]
[Date "2019.12.29"]
[Round "4"]
[White "Tazbir, Marcin"]
[Black "Kruglyakov, Pavlo"]
[Result "1/2-1/2"]
[WhiteElo "2525"]
[BlackElo "2357"]
[PlyCount "45"]
[EventDate "2019.12.27"]
[EventType "swiss"]
[EventRounds "9"]
[EventCountry "POL"]
[SourceTitle "CBM 194 Extra"]
[Source "ChessBase"]
[SourceDate "2020.03.31"]
[SourceVersion "1"]
[SourceVersionDate "2020.03.31"]
[SourceQuality "1"]

1. e4 c5 2. Ne2 d6 3. g3 Nc6 4. Bg2 g6 5. c3 Bg7 6. d4 e5 7. d5 Nce7 8. 0-0 h5 9. Nd2 h4 10. Nf3 h3 11. Bh1 Bh6 12. Ng5 f6 13. Ne6 Qb6 14. f4 Bxe6 15. dxe6 c4+ 16. Rf2 0-0-0 17. Qa4 Qc5 18. b3 cxb3 19. axb3 Kb8 20. Kf1 g5 21. Bf3 gxf4 22. b4 Qb6 23. gxf4 1/2-1/2